Statistics for Movies By Picture (Medium)

Click here to take the quiz!

General Stats

  • This quiz has been taken 65 times
    (54 since last reset)
  • The average score is 4 of 12

Answer Stats

Answer% Correct
Midsommar
71%
Nightcrawler
53%
Prisoners
49%
Milk
41%
Pan's Labyrinth
31%
Donnie Brasco
27%
Good Time
25%
Mulholland Drive
22%
It Follows
16%
Deliverance
10%
The Master
10%
The Lives Of Others
6%

Score Distribution

Percentile by Number Answered

Percent of People with Each Score

Your Score History

You have not taken this quiz since the last reset